Energía en los sistemas biológicos
Saved in:
| Main Authors: | , |
|---|---|
| Format: | Bog |
| Sprog: | spansk |
| Udgivet: |
Wilmington
Addison-Wesley
1998
|
| Fag: | |
| Tags: |
Tilføj Tag
Ingen Tags, Vær først til at tagge denne postø!
|
MARC
| LEADER | 00000nam a2200000 a 4500 | ||
|---|---|---|---|
| 001 | UCN3921 | ||
| 003 | CL-VaPUC | ||
| 008 | 010713e19980000US |||||||||||||||||spa|d | ||
| 082 | 0 | 4 | |a 572.43 |b SMI |2 21 |
| 100 | 0 | |a Smith, C. A |e author |9 460553 | |
| 700 | 0 | |a Wood, E. J |e author |9 460554 | |
| 245 | 1 | 0 | |a Energía en los sistemas biológicos |
| 300 | |a 171 p | ||
| 942 | |c BK | ||
| 945 | |d 20010713 00:00:00 |a cmena | ||
| 260 | |a Wilmington |b Addison-Wesley |c 1998 | ||
| 650 | 0 | |a Bioenergética |9 264272 | |
| 650 | 0 | |a Termodinámica |9 259320 | |
| 650 | 7 | |a ELECTRONES |2 CL-VaPUC |9 322158 | |
| 650 | 0 | |a Ácidos tricarboxílicos |9 460555 | |
| 650 | 7 | |a GLICOLISIS |2 CL-VaPUC |9 460556 | |
| 650 | 0 | |a Lípidos |9 306890 | |
| 650 | 0 | |a Aminoácidos |9 259616 | |
| 583 | |a last modification |c 20010713 00:00:00 |k Rodrigo Vera | ||
| 999 | |c 296582 |d 296580 | ||
| 952 | |0 0 |1 0 |4 0 |6 572_430000000000000_SMI_1998 |7 0 |8 A |9 350482 |a BIBCUR |b BIBCUR |d 2019-11-20 |i 3622770 |o 572.43 SMI 1998 |p 3622770 |r 2025-04-22 |w 2019-11-20 |y BK |k BCB | ||
| 952 | |0 0 |1 0 |4 0 |6 572_430000000000000_SMI_1998 |7 0 |8 A |9 350483 |a BIBCUR |b BIBCUR |d 2019-11-20 |i 3622789 |l 1 |o 572.43 SMI 1998 |p 3622789 |r 2025-04-22 |s 2022-08-29 |w 2019-11-20 |y BK |k BCB | ||